MARC details
| 000 -LEADER |
| campo de control de longitud fija |
02260nam a2200361 i 4500 |
| 001 - NÚMERO DE CONTROL |
| campo de control |
115697 |
| 003 - IDENTIFICADOR DE NÚMERO DE CONTROL |
| campo de control |
ES-MaACL |
| 005 - FECHA Y HORA DE LA ÚLTIMA TRANSACCIÓN |
| campo de control |
20250716054028.0 |
| 007 - CAMPO FIJO DE DESCRIPCIÓN FÍSICA--INFORMACIÓN GENERAL |
| campo de control de longitud fija |
t| |
| 008 - DATOS DE LONGITUD FIJA--INFORMACIÓN GENERAL |
| campo de control de longitud fija |
070503s1875 sp ||||1| spa d |
| 245 00 - MENCIÓN DEL TÍTULO |
| Título |
Monte de Piedad y Caja de Ahorros de Madrid : |
| Resto del título |
noticias históricas y descriptivas y álbum poético con motivo de la inauguración del nuevo edificio el año de 1875. |
| 260 ## - PUBLICACIÓN, DISTRIBUCIÓN, ETC. |
| Lugar de publicación, distribución, etc. |
Madrid : |
| Nombre del editor, distribuidor, etc. |
[Monte de Piedad y Caja de Ahorros de Madrid], |
| Fecha de publicación, distribución, etc. |
1875 |
| Fabricante |
(Imp., Estereotipia y Galvanoplastia de Aribau y Cª) |
| 300 ## - DESCRIPCIÓN FÍSICA |
| Extensión |
87 páginas, [1] hoja plegada de plano : |
| Otras características físicas |
ilustraciones ; |
| Dimensiones |
29 cm. |
| 505 0# - NOTA DE CONTENIDO CON FORMATO |
| Nota de contenido con formato |
Noticias históricas / por el director gerente del establecimiento, Braulio Antón Ramírez. Nuevo edificio: artículos / por el mismo señor. Álbum poético / Juan E. Hartzenbusch, Cayetano Rossell... Manuel del Palacio... Joaquina G. Balmaseda, Ángela Grassi, Manuel de la Revilla, Braulio Antón Ramírez |
| 530 ## - NOTA DISPONIBLE DE FORMULARIO FÍSICO ADICIONAL |
| Nota de formato físico adicional disponible |
Disponible en formato digital |
| 599 ## - NOTA A LAS ILUSTRACIONES |
| NOTA A LAS ILUSTRACIONES |
Grab.: 2 retr. de D. Francisco Piquer, fundador del Monte de Piedad de Madrid; 1 retr. de D. Joaquín Vizcaíno, marqués viudo de Pontejos, fundador de la Caja de Ahorros de Madrid. |
| 610 24 - PUNTO DE ACCESO ADICIONAL DE MATERIA--NOMBRE DE ENTIDAD CORPORATIVA |
| Nombre de entidad corporativa o nombre de jurisdicción como elemento de entrada |
Monte de Piedad y Caja de Ahorros de Madrid. |
| 9 (RLIN) |
5765 |
| 655 #4 - TERMINO DE INDIZACIÓN--GENERO/FORMA |
| Datos o término principal de género/forma |
Poesías |
| Fuente del término |
tgfbne |
| 9 (RLIN) |
176539 |
| 700 1# - ENTRADA AGREGADA--NOMBRE PERSONAL |
| Nombre de persona |
Antón Ramírez, Braulio, |
| Fechas asociadas al nombre |
1823-1892 |
| Término indicativo de función/relación |
Autor |
| 9 (RLIN) |
21953 |
| 700 1# - ENTRADA AGREGADA--NOMBRE PERSONAL |
| Nombre de persona |
Hartzenbusch, Juan Eugenio, |
| Fechas asociadas al nombre |
1806-1880 |
| Término indicativo de función/relación |
Autor |
| 9 (RLIN) |
62011 |
| 700 1# - ENTRADA AGREGADA--NOMBRE PERSONAL |
| Nombre de persona |
Rosell, Cayetano, |
| Fechas asociadas al nombre |
1817-1883 |
| Término indicativo de función/relación |
Autor |
| 9 (RLIN) |
99681 |
| 700 1# - ENTRADA AGREGADA--NOMBRE PERSONAL |
| Nombre de persona |
Palacio, Manuel del, |
| Fechas asociadas al nombre |
1831-1906 |
| Término indicativo de función/relación |
Autor |
| 9 (RLIN) |
88370 |
| 700 1# - ENTRADA AGREGADA--NOMBRE PERSONAL |
| Nombre de persona |
García Balmaseda, Joaquina, |
| Fechas asociadas al nombre |
1837-1911 |
| Término indicativo de función/relación |
Autor |
| 9 (RLIN) |
54217 |
| 700 1# - ENTRADA AGREGADA--NOMBRE PERSONAL |
| Nombre de persona |
Grassi, Ángela, |
| Fechas asociadas al nombre |
1826-1883 |
| Término indicativo de función/relación |
Autor |
| 9 (RLIN) |
59706 |
| 700 1# - ENTRADA AGREGADA--NOMBRE PERSONAL |
| Nombre de persona |
Revilla, Manuel de la, |
| Fechas asociadas al nombre |
1846-1881 |
| Término indicativo de función/relación |
Autor |
| 9 (RLIN) |
96432 |
| 710 2# - ENTRADA AGREGADA--NOMBRE DE ENTIDAD CORPORATIVA |
| Nombre de entidad corporativa o nombre de jurisdicción como elemento de entrada |
Monte de Piedad y Caja de Ahorros de Madrid. |
| Término indicativo de función/relación |
Editor |
| 9 (RLIN) |
5765 |
| 852 4# - LOCALIZACIÓN |
| Ubicación |
ES-MaACL |
| Ubicación en estantería |
Depósito folletos |
| Número de control de estantería |
T-173-F-2 |
| 852 4# - LOCALIZACIÓN |
| Ubicación |
ES-MaACL |
| Ubicación en estantería |
Depósito folletos |
| Donativo/Legado |
Legado M. de Lafuente |
| Número de control de estantería |
Fol-Laf-30 |
| 856 4# - LOCALIZACIÓN Y ACCESO ELECTRÓNICOS |
| Identificador Uniforme de Recursos |
<a href="http://bdh-rd.bne.es/viewer.vm?id=0000247088&page=1 ">http://bdh-rd.bne.es/viewer.vm?id=0000247088&page=1 </a> |
| Texto de enlace |
Versión en línea |
| Nota pública |
(Biblioteca Digital Hispánica) |
| 856 4# - LOCALIZACIÓN Y ACCESO ELECTRÓNICOS |
| Identificador Uniforme de Recursos |
<a href="https://bibliotecavirtualmadrid.comunidad.madrid/bvmadrid_publicacion/es/consulta/registro.do?id=238">https://bibliotecavirtualmadrid.comunidad.madrid/bvmadrid_publicacion/es/consulta/registro.do?id=238</a> |
| Nota pública |
Biblioteca Digital de la Comunidad de Madrid |
| 942 ## - ELEMENTOS DE ENTRADA SECUNDARIOS (KOHA) |
| Fuente del sistema de clasificación o colocación |
Clasificación decimal universal |
| Tipo de ítem Koha |
Folleto |
| Suprimir en OPAC |
No |